Micekings: the mysterious message (Record no. 9235)

MARC details
000 -LEADER
fixed length control field 00850nam a22002177a 4500
003 - CONTROL NUMBER IDENTIFIER
control field OSt
005 - DATE AND TIME OF LATEST TRANSACTION
control field 20260317064416.0
008 - FIXED-LENGTH DATA ELEMENTS--GENERAL INFORMATION
fixed length control field 260317b |||||||| |||| 00| 0 eng d
020 ## - INTERNATIONAL STANDARD BOOK NUMBER
International Standard Book Number 978-1-338-08872-4
040 ## - CATALOGING SOURCE
Original cataloging agency DWCL GS lib
Transcribing agency OC
082 ## - DEWEY DECIMAL CLASSIFICATION NUMBER
Edition number S856m 2017
100 ## - MAIN ENTRY--PERSONAL NAME
Personal name GERONIMO STILTON
245 ## - TITLE STATEMENT
Title Micekings: the mysterious message
Remainder of title GERONIMO STILTON
260 ## - PUBLICATION, DISTRIBUTION, ETC.
Place of publication, distribution, etc. New York
Name of publisher, distributor, etc. Scholastic Inc
Date of publication, distribution, etc. 2017
300 ## - PHYSICAL DESCRIPTION
Extent 112 p
Other physical details color illustrations
Dimensions 19 cm
520 ## - SUMMARY, ETC.
Summary, etc. Geronimo Stiltonord and his Viking mouse clan receive a water-damaged message in a bottle from the lazy Oofa Oofas.
650 ## - SUBJECT ADDED ENTRY--TOPICAL TERM
Topical term or geographic name entry element The story follows Geronimo and his clan as they encounter a partially ruined message in a bottle.
650 ## - SUBJECT ADDED ENTRY--TOPICAL TERM
Topical term or geographic name entry element The Mysterious Message center on friendship, bravery, and helping those in need.
700 ## - ADDED ENTRY--PERSONAL NAME
Personal name GERONIMO STILTON
942 ## - ADDED ENTRY ELEMENTS (KOHA)
Source of classification or shelving scheme Dewey Decimal Classification
Koha item type Fiction
Suppress in OPAC No

No items available.